Výdaje na ochranu životního prostředí

Sledovanie výdavkov na ochranu životného prostredia je obtiažne. Absencia ekologického účtovníctva. Optimalizácia nákladov na likvidáciu ekologických škôd. Štatistické vykazovanie ekologických výdavkov. Výdavky Státního fondu životního prostředí. Výdavky štátneho rozpočtu na ekologické akcie.

Gespeichert in:
Bibliographische Detailangaben
1. Verfasser: Hájek, Mojmír
Format: Buchkapitel
Sprache:Tschechisch
Schlagworte:
Tags: Tag hinzufügen
Keine Tags, Fügen Sie das erste Tag hinzu!

MARC

LEADER 00000naa a2200000 4500
001 r018049
005 20221205075852.9
041 0 |a cze 
044 |a CZ 
245 1 0 |a Výdaje na ochranu životního prostředí  |c M. Hájek 
520 |a Sledovanie výdavkov na ochranu životného prostredia je obtiažne. Absencia ekologického účtovníctva. Optimalizácia nákladov na likvidáciu ekologických škôd. Štatistické vykazovanie ekologických výdavkov. Výdavky Státního fondu životního prostředí. Výdavky štátneho rozpočtu na ekologické akcie. 
610 2 0 |a ochrana prostredia životného 
610 2 0 |a výdavky 
610 2 0 |a ekológia 
610 2 0 |a škody 
610 2 0 |a náklady ekologické 
610 2 0 |a výdavky rozpočtu štátneho 
610 2 0 |a investície ekologické 
610 2 0 |a Česko 
100 1 |a Hájek, Mojmír